Statistics for Largest European Cities by Letter - B

Click here to take the quiz!

General Stats

  • This quiz has been taken 1,241 times
  • The average score is 12 of 20

Answer Stats

PopulationsCountryCities% Correct
3,387,000GermanyBerlin
99%
1,825,000HungaryBudapest
98%
1,139,000BelgiumBrussels
97%
1,455,000SpainBarcelona
96%
2,016,000RomaniaBucharest
95%
1,021,000UKBirmingham
94%
1,594,000SerbiaBelgrade
92%
449,000SlovakiaBratislava
86%
386,000ItalyBologna
66%
400,000UKBristol
60%
385,000Czech RepublicBrno
58%
351,000SpainBilbao
57%
540,000GermanyBremen
54%
335,000ItalyBari
52%
483,000UKBradford
29%
393,000GermanyBochum
27%
387,000PolandBydgoszcz
18%
338,000RussiaBelgorod
11%
455,000RussiaBryansk
11%
580,000RussiaBarnaul
8%

Score Distribution

Percentile by Number Answered

Percent of People with Each Score

Your Score History

You have not taken this quiz